| 000 | 00474 a2200109 4500 | ||
|---|---|---|---|
| 020 | _a3772351026 | ||
| 920 | _a3-7723-5102-6 | ||
| 100 | 1 |
_aBleul, Karl-Heinz. _eAutor |
|
| 245 | 0 |
_aWindows Soft- und Hardware-Optimierung : _bKonfiguration verbessern, Speicherplatz sparen Windows beschleunigen, Windows und Multimedia mit Microsoft Hotline-Tips. / _cBleul Karl-Heinz. _n1 t. |
|
| 710 | 2 |
_aFranzis- Verlag GmbH. _eWydawca _4pbl |
|
| 260 |
_aMuenchen : _bFranzis, _c1993. |
||
| 300 |
_a283 s.: _bil.; _c23 cm. |
||
| 999 |
_c532 _d532 |
||